| 000 | 00752nam a22002297a 4500 | ||
|---|---|---|---|
| 003 | DO-SdBNP | ||
| 005 | 20260202095303.0 | ||
| 007 | ta | ||
| 008 | 220202b2010 dr ||||| |||| 00| 0 spa d | ||
| 040 |
_aDO-SdBNP _bspa _cBNPHU |
||
| 082 | 4 |
_a248 _bP438m _222 |
|
| 100 | 1 |
_925967 _aPérez Rodríguez, Franklin A. del C. |
|
| 245 | 1 | 0 |
_aMi experiencia con Jesús y los Ángeles / _cFranklin A. del C. Pérez Rodríguez. |
| 260 |
_aSanto Domingo : _bCentenario, _c2010. |
||
| 300 |
_a184 p. ; _c21 cm. |
||
| 590 | _aInventariado, 2022 /LP | ||
| 600 | 1 | 4 |
_aPérez Rodríguez, Franklin A. del C. _d _981350 |
| 650 | 0 |
_aVida espiritual _9268 |
|
| 650 | 0 |
_aEspiritualidad _9613 |
|
| 910 | _aLopérez./Validado. Control de calidad MFF | ||
| 942 |
_2ddc _cLBS1 |
||
| 999 |
_c51304 _d51304 |
||